| 000 | 00523nam a2200217Ia 4500 | ||
|---|---|---|---|
| 003 | OSt | ||
| 005 | 20230424115552.0 | ||
| 008 | 210423s2002 xx 000 0 und d | ||
| 020 | _a74621629 | ||
| 040 | _cAL | ||
| 041 | _aeng | ||
| 082 | _a660.6 IGNS | ||
| 100 |
_aIGNACIMUTHU (S). _963424 |
||
| 245 | _aBasic biotechnology. | ||
| 260 |
_aNew Delhi _bTata McGrawhill _c2002 |
||
| 300 |
_axv,317 _bPB |
||
| 365 |
_b180 _cINR |
||
| 650 |
_aBiotechnology _963425 |
||
| 906 | _aBasic ; biotechnology | ||
| 942 |
_2ddc _cBK |
||
| 999 |
_c162567 _d162567 |
||